ბათუმის შოთა რუსთაველის სახელმწიფო უნივერსიტეტის ბიბლიოთეკა

ტურიზმის ინდუსტრიაში კლასტერის ფორმირება და რეგიონული ტურისტული ბაზრის კონკურენტუნარიანობის ამაღლება / (ბიბ.ჩანაწერი № 51645)

000 -ლიდერი
ფიქსირებული სიგრძის საკონტროლო ველი 01492nam a2200229Ia 4500
001 - საკონტროლო ნომერი
საკონტროლო ველი 18636
003 - საკონტროლო ნომრის იდენტიფიკატორი
საკონტროლო ველი GE_BSU
005 - ბოლო ოპერაციის თარიღი და დრო
საკონტროლო ველი 20210412165153.0
008 - ფიქსირებული სიგრძის მონაცემთა ელემენტები - ზოგადი ინფორმაცია
ფიქსირებული სიგრძის საკონტროლო ველი 181216s2015||||ge |||||||||||||| ||geo||
040 ## - კატალოგიზაციის წყარო
Transcribing agency GE_BSU
041 ## - ენის კოდი
Language code of text/sound track or separate title geo
080 ## - უნივერსალური ათობითი კლასიფიკაციის ინდექსი
Universal Decimal Classification number 33 დ-43
100 ## - მთავარი ჩანაწერი - პიროვნების სახელი
Personal name დიასამიძე, მერაბ
9 (RLIN) 11238
245 ## - ცნობა სათაურის შესახებ
Title ტურიზმის ინდუსტრიაში კლასტერის ფორმირება და რეგიონული ტურისტული ბაზრის კონკურენტუნარიანობის ამაღლება /
Statement of responsibility, etc მერაბ დიასამიძე; სამეცნიერო ხელმძღვანელი როსტომ ბერიძე; ბათუმის შოთა რუსთაველის სახ-ფო უნ-ტი.
264 ## - წარმოების, გამოცემის, დისტრიბუციის და სხვა ცნობები
გამოცემის, წარმოების, დისტრიბუციის... ადგილი ბათუმი,
გამოცემის, წარმოების, დისტრიბუციის... თარიღი 2015.
300 ## - ფიზიკური აღწერა
Extent 154 გვ.;
Other physical details 30 სმ.
653 ## - INDEX TERM--UNCONTROLLED
Uncontrolled term დისერტაცია
653 ## - INDEX TERM--UNCONTROLLED
Uncontrolled term ეკონომიკა
653 ## - INDEX TERM--UNCONTROLLED
Uncontrolled term ტურიზმის ინდუსტრიაში კლასტერის ფორმირება და რეგიონული ტურისტული ბაზრის კონკურენტუნარიანობის ამაღლება
700 ## - ADDED ENTRY--PERSONAL NAME
Personal name ბერიძე, როსტომ
Relator term სამეცნიერო ხელმძღვანელი
9 (RLIN) 1686
942 ## - ADDED ENTRY ELEMENTS (KOHA)
Koha item type წიგნი
Source of classification or shelving scheme
ეგზემპლარები
ჩამოწერის სტატუსი დაკარგული ეგზემპლარის სტატუსი კლასიფიკაციის წყარო ან თაროზე გაწყობის სქემა დაზიანების სტატუსი არ გაიცემა მუდმივი მდებარეობა (დაცვის ადგილი) ამჟამინდელი ადგილსამყოფელი თაროზე განთავსების ადგილი შეძენის თარიღი სრული შენახვის შიფრი შტრიხკოდი ბოლო ოპერაციის თარიღი ეგზემპლარის მიმდევრობითი ნომერი (კეტერი?) ფასის ძალაში შესვლის თარიღი ეგზემპლარის სახეობა
          ბათუმის შოთა რუსთაველის სახელმწიფო უნივერსიტეტის მთავარი ბიბლიოთეკა ბათუმის შოთა რუსთაველის სახელმწიფო უნივერსიტეტის მთავარი ბიბლიოთეკა წიგნსაცავი 2018-12-17 33 დ-43 227 დისერტ. 2018-12-17 227 2018-12-17 დისერტაცია